000 00680nam a2200241 i 4500
001 C2-0341701
003 PPAK
005 20180728143319.0
008 170608s my |||| ||||| | may d
020 _a9789671412008
040 _aPPAK
_beng
_cPPAK
_erda
082 0 4 _a899.233
_223
090 0 0 _a899.233
_bHAS
_dG
100 0 _aHasreeyati Ramli,
_eauthor
245 1 0 _aMs. kucing vs mr. cat
264 1 _aSungai Petani, Kedah :
_bHasreeyati Ramli ,
_c[date of publication not identified]
300 _a641 pages ;
_c18 cm
336 _2rdacontent
_atext
337 _2rdamedia
_aunmediated
338 _2rdacarrier
_avolume
650 1 0 _aMalay fiction.
942 _ddc
_cB
999 _c138719
_d138719